Education laws and jurisprudence : a developmental perspective / (Record no. 275968)
[ view plain ]
| 000 -LEADER | |
|---|---|
| fixed length control field | 01058nam a2200205 a 4500 |
| 001 - CONTROL NUMBER | |
| control field | SSB032763 |
| 005 - DATE AND TIME OF LATEST TRANSACTION | |
| control field | 20140930153722.0 |
| 008 - FIXED-LENGTH DATA ELEMENTS--GENERAL INFORMATION | |
| fixed length control field | |
| 020 ## - INTERNATIONAL STANDARD BOOK NUMBER | |
| International Standard Book Number | 9789710172474 |
| 050 ## - LIBRARY OF CONGRESS CALL NUMBER | |
| Classification number | KPM 1610 |
| Item number | .D4 2011 |
| 100 ## - MAIN ENTRY--PERSONAL NAME | |
| Personal name | De Belen, Rustico T. |
| 245 #0 - TITLE STATEMENT | |
| Title | Education laws and jurisprudence : a developmental perspective / |
| Statement of responsibility, etc | Rustico T. de Belen. |
| 250 ## - EDITION STATEMENT | |
| Edition statement | 1st ed. |
| 260 ## - PUBLICATION, DISTRIBUTION, ETC. (IMPRINT) | |
| Place of publication, distribution, etc | Quezon City : |
| Name of publisher, distributor, etc | C & E Pub., |
| Date of publication, distribution, etc | c2011. |
| 300 ## - PHYSICAL DESCRIPTION | |
| Extent | xiv, 510 pages : |
| Dimensions | 22 cm. |
| 504 ## - BIBLIOGRAPHY, ETC. NOTE | |
| Bibliography, etc | Includes bibliographical references and index. |
| 505 ## - FORMATTED CONTENTS NOTE | |
| Miscellaneous information | Chapter 1: Historico-legal and philosophical bases of Philippine education -- |
| Title | Chapter 2: Structure and organization and Philippine education -- |
| -- | Chapter 3: Laws and jurisprudence in Philippine education -- |
| -- | Chapter 4: Legal aspects of teacher education in the Philippines -- |
| -- | Chapter 5: Laws on schools regulation in the Philippines -- |
| -- | Chapter 6: Legal concepts and principles in Philippine education. |
| 650 ## - SUBJECT ADDED ENTRY--TOPICAL TERM | |
| Topical term or geographic name as entry element | Educational law and legislation |
| Geographic subdivision | Philippines. |
| 942 ## - ADDED ENTRY ELEMENTS (KOHA) | |
| Source of classification or shelving scheme | Library of Congress Classification |
| Koha item type | Books |
| Call number prefix | Filipininana |
| Withdrawn status | Lost status | Source of classification or shelving scheme | Damaged status | Home library | Current library | Shelving location | Date acquired | Source of acquisition | Total Checkouts | Total Renewals | Full call number | Barcode | Date last seen | Date checked out | Price effective from | Koha item type | Sub Shelving location |
|---|---|---|---|---|---|---|---|---|---|---|---|---|---|---|---|---|---|
| Library of Congress Classification | College Library | College Library | Filipiniana Section | 09/30/2014 | Library Fund | 1 | 3 | KPM 1610 .D4 2011 | C18774 | 05/08/2018 | 12/02/2016 | 09/30/2014 | Books | ||||
| Library of Congress Classification | College Library | College Library | Filipiniana Section | 11/11/2015 | Library Fund | 1 | KPM 1610 .D278 2011 | c13646 | 05/08/2018 | 12/02/2016 | 11/11/2015 | Books |